Financial accounts of OECD countries Finland 1980-1995
Gespeichert in:
| Format: | Buch |
|---|---|
| Sprache: | Englisch Französisch |
| Veröffentlicht: |
Paris
OECD
1998
|
| Schriftenreihe: | OECD Financial statistics
|
| Schlagworte: | |
| Tags: |
Keine Tags, Fügen Sie das erste Tag hinzu!
|
MARC
| LEADER | 00000nam a2200000 4500 | ||
|---|---|---|---|
| 001 | c119939 | ||
| 005 | 20240422071939.3 | ||
| 020 | |a 92-64-05768-4 | ||
| 022 | |a 0304-3371 | ||
| 041 | 0 | |a eng | |
| 041 | 0 | |a fre | |
| 044 | |a FR | ||
| 245 | 1 | 0 | |a Financial accounts of OECD countries |b Finland 1980-1995 |
| 264 | 1 | |a Paris |b OECD |c 1998 | |
| 300 | |a 75 s. | ||
| 490 | 1 | |a OECD Financial statistics | |
| 830 | 0 | |a OECD Financial statistics | |
| 610 | 2 | 0 | |a účty |
| 610 | 2 | 0 | |a Fínsko |